|
|
|
|
| LEADER |
00000naa2a2200000 4500 |
| 001 |
419942 |
| 005 |
20231228164436.0 |
| 035 |
|
|
|a (RuTPU)RU\TPU\prd\77404
|
| 035 |
|
|
|a RU\TPU\prd\21600
|
| 090 |
|
|
|a 419942
|
| 100 |
|
|
|a 20100301a2003 k y0rusy50 ca
|
| 101 |
0 |
|
|a rus
|
| 102 |
|
|
|a RU
|
| 200 |
1 |
|
|a Исследовние релятивистского магнетрона с питанием от сильноточного линейного индукционного ускорителя
|f В. В. Васильев, И. И. Винтизенко, А. С. Сулакшин и др.
|
| 225 |
1 |
|
|a Физика магнитных явлений
|
| 320 |
|
|
|a Библиогр.: 12 назв.
|
| 461 |
|
1 |
|0 (RuTPU)RU\TPU\prd\191
|x 0021-3411
|t Известия вузов. Физика
|f Министерство общего и профессионального образования Российской Федерации ; Томский Госуниверситет
|d 1958-
|
| 463 |
|
1 |
|0 (RuTPU)RU\TPU\prd\77401
|t Т. 46, № 10
|v с. 14-23
|d 2003
|
| 610 |
1 |
|
|a физические процессы
|
| 610 |
1 |
|
|a исследование
|
| 610 |
1 |
|
|a релятивистский СВЧ-генератор
|
| 610 |
1 |
|
|a питание
|
| 610 |
1 |
|
|a компьютерные модели
|
| 610 |
1 |
|
|a индукционные ускорители
|
| 610 |
1 |
|
|a магнетроны
|
| 610 |
1 |
|
|a источники
|
| 675 |
|
|
|a 621.385
|v 3
|
| 701 |
|
1 |
|a Васильев
|b В. В.
|
| 701 |
|
1 |
|a Винтизенко
|b И. И.
|c физик
|c заведующий лабораторией Томского политехнического университета, доктор физико-математических наук
|f 1960-
|g Игорь Игоревич
|3 (RuTPU)RU\TPU\pers\30052
|9 14482
|
| 701 |
|
1 |
|a Сулакшин
|b А. С.
|
| 701 |
|
1 |
|a Филипенко
|b Н. М.
|c математик
|c доцент Томского политехнического университета, кандидат физико-математических наук
|f 1946-
|g Николай Максимович
|3 (RuTPU)RU\TPU\pers\31305
|9 15483
|
| 701 |
|
1 |
|a Фоменко
|b Г. П.
|
| 801 |
|
1 |
|a RU
|b 63413507
|c 20040122
|g PSBO
|
| 801 |
|
2 |
|a RU
|b 63413507
|c 20161003
|g RCR
|
| 942 |
|
|
|c BK
|